Geopolitický význam Indického oceánu v minulosti a dnes
Kontrola strategických miest Indického oceánu dlhé roky pod nadvládou Angličanov. 60. roky 20. storočia - prevzatie kontroly Spojenými štátmi americkými. Indický oceán a jeho úloha dôležitej dopravnej tepny pre krajiny Západu ale aj pre Japonsko a Čínu. Svetový politický, bezpečnostný a ekonomický v...
Salvato in:
| Autore principale: | |
|---|---|
| Natura: | Capitolo di libro |
| Lingua: | ceco |
| Soggetti: | |
| Tags: |
Nessun Tag, puoi essere il primo ad aggiungerne!!
|
MARC
| LEADER | 00000naa$a2200000$$$4500 | ||
|---|---|---|---|
| 001 | 0022333 | ||
| 005 | 20231016091544.2 | ||
| 041 | 0 | |a cze | |
| 044 | |a CZ | ||
| 245 | 1 | 0 | |a Geopolitický význam Indického oceánu v minulosti a dnes |c Michael Romancov |
| 520 | |a Kontrola strategických miest Indického oceánu dlhé roky pod nadvládou Angličanov. 60. roky 20. storočia - prevzatie kontroly Spojenými štátmi americkými. Indický oceán a jeho úloha dôležitej dopravnej tepny pre krajiny Západu ale aj pre Japonsko a Čínu. Svetový politický, bezpečnostný a ekonomický vývoj a príležitosť Indie zasiahnuť do pomerov panujúcimi v Indickom oceáne. Prognózy vývoja Indického námorníctva založené na kombinácii britského a sovietskeho strategického myslenia. | ||
| 610 | 2 | 0 | |a politika medzinárodná |
| 610 | 2 | 0 | |a geopolitika |
| 610 | 2 | 0 | |a doprava námorná |
| 610 | 2 | 0 | |a India |
| 610 | 2 | 0 | |a USA |
| 610 | 2 | 0 | |a Veľká Británia |
| 100 | 1 | |a Romancov, Michael | |